000 00641nam a2200217Ia 4500
008 160319s9999 xx 000 0 und d
020 _a9789715420037
050 _a899.2113
050 _b.C271s 2007
245 _aSigwa :
245 _bisang antolohiya ng maikling kuwento /
245 _cpamatnugutan, Mila Carreon-Laurel ... et al.
260 _aQuezon City :
260 _bThe University of the Philippines Press
260 _c2007
300 _axxx, 280 pages :
300 _c18 cm.
650 _aPhilippines -- History -- Revolution, 1896-1898.
650 _aShort Stories, Filipino
700 _aLaurel, Mila Carreon.
999 _c292375
_d292375